000
00199nam a22000977a 4500
003
SGT
245
_a
THE AMERICAN JOURNAL OF PUBLIC HEALTH
260
_b
APHA AMERICA
300
_a
522
942
_2
ddc
_c
BV
999
_c
18913
_d
18913